000 01635nam a2200505 i 4500
001 30394
003 KOSZ 005
005 20200820121804.0
008 040923s1990 pl a f |000 0 pol
015 _aUWD 2005/2375
020 _a8385064117
035 _a991022239379705066
035 _a(PL-WaBN)b16000559-48omnis_nlop
035 _ab16000559
035 _a(OCoLC)751303952
035 _a(PL)b0000001600055
035 _a(EXLNZ-48OMNIS_NETWORK)9910000118505606
040 _aWA N
_cWA N
_dKOSZ 005/HR
041 0 _apol
046 _k1990
080 _a62-1/-8
080 _a62-192
080 _a(075.8)
100 1 _aHebda, Michał
_d(1929- )
_eAutor
245 1 0 _aElementy teorii eksploatacji systemów technicznych /
_cMichał Hebda.
260 _aRadom :
_bMiędzyresortowe Centrum Naukowe Eksploatacji Majątku Trwałego,
_c1990.
300 _a91 s. :
_brys., wykr. ;
_c24 cm.
336 _aTekst
_btxt
_2rdacontent
337 _aBez urządzenia pośredniczącego
_bn
_2rdamedia
338 _aWolumin
_bnc
_2rdacarrier
380 _aKsiążki
380 _aPublikacje dydaktyczne
385 _mPoziom nauczania
_aSzkoły wyższe
388 _a1901-2000
388 _a1989-2000
504 _aBibliogr. s. 91.
650 7 _aNiezawodność urządzeń
_2DBN
650 7 _aUrządzenia
_2DBN
650 7 _aObsługa i eksploatacja
655 7 _aPodręczniki akademickie
_2DBN
658 _aInżynieria i technika
856 _uhttp://koha.tu.koszalin.pl/cgi-bin/koha/opac-detail.pl?biblionumber=30394
_yKatalog online BPK
942 _2UKD
_cKS
999 _c30394
_d30394